Turnpike Troubadours Songs Quiz - Statistics

General Stats
  • This quiz has been taken 89 times
    61 since last reset
  • The average score is 17 of 64
Answer Stats
Album Song Title % Correct
Diamonds & Gasoline Diamonds & Gasoline
64%
Goodbye Normal Street Good Lord Lorrie
62%
Diamonds & Gasoline 7&7
59%
Bossier City. The Turnpike Troubadours Bossier City
59%
Diamonds & Gasoline Long Hot Summer Day
56%
A Long Way From Your Heart Pay No Rent
51%
The Turnpike Troubadours The Bird Hunters
51%
A Cat in the Rain A Cat in the Rain
49%
A Long Way From Your Heart The Housefire
49%
Diamonds & Gasoline 1968
46%
Diamonds & Gasoline Every Girl
44%
Goodbye Normal Street Gin, Smoke, Lies
41%
A Long Way From Your Heart A Tornado Warning
38%
A Long Way From Your Heart Unrung
38%
Goodbye Normal Street Wrecked
38%
Goodbye Normal Street Before The Devil Knows We're Dead
36%
Diamonds & Gasoline Kansas City Southern
36%
A Cat in the Rain Mean Old Sun
36%
Diamonds & Gasoline Shreveport
36%
The Turnpike Troubadours The Mercury
36%
Diamonds & Gasoline Whole Damn Town
36%
Diamonds & Gasoline The Funeral
33%
Goodbye Normal Street Morgan Street
31%
A Cat in the Rain The Rut
31%
Goodbye Normal Street Blue Star
28%
Diamonds & Gasoline Down on Washington
28%
Bossier City, The Turnpike Troubadours Easton & Main
28%
The Turnpike Troubadours A Little Song
26%
A Cat in the Rain Chipping Mill
26%
Non-Album Single Come as You Are
26%
The Turnpike Troubadours Doreen
26%
Diamonds & Gasoline Evangeline
26%
Goodbye Normal Street Southeastern Son
26%
A Cat in the Rain Brought Me
23%
A Long Way From Your Heart Pipe Bomb Dream
23%
Goodbye Normal Street Quit While I'm Ahead
23%
Goodbye Normal Street Empty As A Drum
21%
The Turnpike Troubadours Fall out of Love
21%
Goodbye Normal Street Gone Gone Gone
21%
A Cat in the Rain Lucille
21%
The Turnpike Troubadours Ringing in the Year
21%
A Long Way From Your Heart Sunday Morning Paper
21%
Goodbye Normal Street Call a Spade a Spade
18%
The Turnpike Troubadours Long Drive Home
18%
A Long Way From Your Heart Something to Hold on To
18%
A Cat in the Rain Black Sky
15%
The Turnpike Troubadours Down Here
15%
A Cat in the Rain East Side Love Song (Bottoms Up)
15%
A Long Way From Your Heart Oklahoma Stars
15%
A Long Way From Your Heart The Hard Way
15%
A Long Way From Your Heart The Winding Stair Mountain Blues
15%
A Cat in the Rain Three More Days
15%
The Turnpike Troubadours 7 Oaks
13%
Diamonds & Gasoline Leaving & Lonely
13%
A Long Way From Your Heart Old Time Feeling (Like Before)
13%
The Turnpike Troubadours Time of Day
13%
A Cat in the Rain Won't You Give Me One More Chance
8%
Bossier City Come November
3%
Bossier City Angola
0%
Bossier City Austin to Ashes
0%
Bossier City Rollin' On
0%
Bossier City Solid Ground
0%
Bossier City The Shape
0%
Bossier City Three Rivers Song
0%
No matching quizzes found
Score Distribution
Percent of People with Each Score
Percentile by Number Answered
Your Score History
You have not taken this quiz since the last reset